Foundations of multinational financial management
This work emphasizes concepts and practices, and features real-world examples that provide actual applications of financial concepts and theories, showing how the issues, tools and techniques of financial analysis and reasoning are being applied.
Saved in:
| Main Author: | |
|---|---|
| Format: | Book |
| Language: | Undetermined |
| Published: |
Boston
Allyn and Bacon
1994
|
| Subjects: | |
| Tags: |
Add Tag
No Tags, Be the first to tag this record!
|
| Institutions: | Trung tâm Học liệu Trường Đại học Cần Thơ |
|---|
| LEADER | 00924nam a2200217Ia 4500 | ||
|---|---|---|---|
| 001 | CTU_153729 | ||
| 008 | 210402s9999 xx 000 0 und d | ||
| 020 | |c 456000 | ||
| 082 | |a 658.1599 | ||
| 082 | |b S529 | ||
| 100 | |a Shapiro, Alan C. | ||
| 245 | 0 | |a Foundations of multinational financial management | |
| 245 | 0 | |c Alan C. Shapiro | |
| 260 | |a Boston | ||
| 260 | |b Allyn and Bacon | ||
| 260 | |c 1994 | ||
| 520 | |a This work emphasizes concepts and practices, and features real-world examples that provide actual applications of financial concepts and theories, showing how the issues, tools and techniques of financial analysis and reasoning are being applied. | ||
| 650 | |a International business enterprises,Decision making,Hoạt động kinh doanh quốc tế,Ra quyết định | ||
| 650 | |x Finance,Tài chính | ||
| 904 | |i Trọng Hải | ||
| 980 | |a Trung tâm Học liệu Trường Đại học Cần Thơ | ||